Infrastructure (Wales) Act 2024 (Record no. 121947)

MARC details
000 -LEADER
fixed length control field 00940nam a22001937a 4500
008 - FIXED-LENGTH DATA ELEMENTS--GENERAL INFORMATION
fixed length control field 240604s2024 xxk|||||ol|||o00| 0 eng d
041 ## - LANGUAGE CODE
Language code of text/sound track or separate title eng
110 ## - MAIN ENTRY--CORPORATE NAME
Corporate author Senedd Cymru
245 ## - TITLE STATEMENT
Title Infrastructure (Wales) Act 2024
260 ## - PUBLICATION INFORMATION
Date 2024
520 ## - ABSTRACT
Abstract The Infrastructure (Wales) Act 2024 gained Royal Assent on 3 June 2024, modernising and simplifying the consenting process for significant infrastructure projects in Wales. Two consultation papers have been issued relating to the implementation of the legislation, the first focusing on how the pre-application consultation should be conducted, the second on fees for the consenting process.
650 ## - KEYWORDS
Keywords INFRASTRUCTURE
650 ## - KEYWORDS
Keywords INFRASTRUCTURE (WALES) ACT 2024
650 ## - KEYWORDS
Keywords PLANNING
651 ## - SUBJECT ADDED ENTRY--GEOGRAPHIC NAME
Geographic name Wales
690 ## - BROAD SUBJECT
Broad subject Planning and development
9 (RLIN) 6259
856 ## - ONLINE RESOURCE
Uniform Resource Identifier <a href="https://business.senedd.wales/mgIssueHistoryHome.aspx?IId=41502">https://business.senedd.wales/mgIssueHistoryHome.aspx?IId=41502</a>
Public note Progress from Bill to Act
942 ## - ADDED ENTRY ELEMENTS (KOHA)
Suppress in OPAC Do not suppress in OPAC
Holdings
Lost status Damaged status Not for loan Home library Current library Shelving location Date acquired Total Checkouts Full call number Date last seen Price effective from Koha item type
      Virtual Virtual Online 04/06/2024   LEGISLATION 04/06/2024 04/06/2024 Online material